| 000 | 00420nam a2200169 a 4500 | ||
|---|---|---|---|
| 003 | MO | ||
| 005 | 20170315114236.0 | ||
| 008 | 100625s19uu xx 00 eng d | ||
| 020 | _a0-14-036690-3 | ||
| 050 |
_aTR _bSt4 1883 |
||
| 100 | _aStevenson, Robert Louis | ||
| 245 |
_aKidnapped / _cRobert Louis Stevenson. |
||
| 260 |
_aLondon : _bPenguin Books, _c1883. |
||
| 300 | _a322 | ||
| 942 |
_2ddc _cBK |
||
| 999 |
_c114418 _d114418 |
||